Artists with the Most Top 40 Hits in 2023 - Statistics

General Stats
  • This quiz has been taken 164 times
  • The average score is 10 of 22
Answer Stats
# Song Artist % Correct
40 Cruel Summer Taylor Swift
98%
12 vampire Olivia Rodrigo
85%
4 Kill Bill SZA
82%
4 Paint the Town Red Doja Cat
80%
3 Flowers Miley Cyrus
80%
26 Slime You Out Drake
65%
6 Barbie World Nicki Minaj
55%
17 Last Night Morgan Wallen
52%
5 Fast Car Luke Combs
49%
3 Stick Season Noah Kahan
46%
11 Monaco Bad Bunny
41%
16 MELTDOWN Travis Scott
37%
16 I Remember Everything Zach Bryan
37%
3 Seven Jung Kook
34%
5 Just Wanna Rock Lil Uzi Vert
33%
3 Chemical Post Malone
33%
3 All My Life Lil Durk
18%
3 TQG KAROL G
15%
3 Need a Favor Jelly Roll
14%
8 Fight the Feeling Rod Wave
10%
4 Luna Peso Pluma
6%
4 Bebe Dame Fuerza Regida
5%
No matching quizzes found
Score Distribution
Percent of People with Each Score
Percentile by Number Answered
Your Score History
You have not taken this quiz